00505 2200193 4500001002100000005001500021035002000036245004500056100002100101300002600122260004700148082001200195084001800207020002200225600001300247990001700260990001700277990001700294INLIS00000000000150720260629015759 a0010-06260000181 aThe Power of Sholawat /cMalik al Mughis0 aMughis, Malik al a181 hlm ;c14 X 21 cm aYogyakarta :bHijaz Pustaka Mandiri,c2022 a297.246 a297.246 MU t a397.602-5790-85-0 4aSholawat a4900/pp,2026 a4901/pp/2026 a4902/pp/2026